| 000 | 00636nam a2200181 4500 | ||
|---|---|---|---|
| 001 | 138210 | ||
| 003 | ES-MaACL | ||
| 005 | 20231228205102.0 | ||
| 007 | t| | ||
| 008 | 070214s1943 sp r ||||1| spa d | ||
| 100 | 1 |
_aSánchez-Silva, José María, _d1911-2002 _9102940 |
|
| 245 | 1 | 0 |
_aNo es tan fácil _b: narraciones de la vida próxima / _cJ. M. Sánchez-Silva ; [ilustraciones de Carlos Tauler]. |
| 260 |
_aMadrid : _bCigüeña, _c1943 ( _fTall. Gráf. Afrodisio Aguado) |
||
| 300 |
_a163 p., 1 lám. ; _c17 cm. |
||
| 700 | 1 |
_aTauler, Carlos. _9109403 |
|
| 852 |
_aES-MaACL _jF-15803 _bR.20479 |
||
| 999 |
_c138210 _d138210 |
||